| 000 | 00000nam##2200000za#4500 |
| 001 | 9.630361 |
| 003 | CaOODSP |
| 005 | 20210624213813 |
| 007 | cr ||||||||||| |
| 008 | 150407|1999||||xxc|||||o f|0| 0 fre|d |
| 020 | |a0-662-84029-1 |
| 040 | |aCaOODSP|bfre |
| 043 | |an-cn--- |
| 086 | 1 |aH39-509/1999F-IN |
| 110 | 1 |aCanada. |bSanté Canada. |
| 245 | 10|aOutils de communication I : |h[ressource électronique]|bune meilleur communication médecin-patient pour de meilleurs résultats auprès des patients |
| 260 | |aOttawa - Ontario : |bSanté Canada |c[1999]. |
| 300 | |a87p.|bill. en couleur, références, photographies |
| 500 | |a«Présentation interactif à l'intention des praticiens»--p.1 de 87. -- «Cette présentation et la bande vidéo qui l'accompagne ont été conçus dans le cadre de l'Initiative canadienne pour la recherche sur le cancer du sein.»--p.2 de 87. |
| 546 | |aFrançais |
| 590 | |a12-26-Supp|b2012-06-07 |
| 691 | 07|aRelations interpersonnelles|2gcpds |
| 691 | 07|aCommunication orale|2gcpds |
| 691 | 07|aSoins de santé|2gcpds |
| 775 | 08|tTalking tools I : |w(CaOODSP)9.685770 |
| 856 | 40|ahttp://publications.gc.ca|qPDF|s844 Ko|uhttps://publications.gc.ca/collections/collection_2012/sc-hc/H39-509-1999-fra.pdf |